000 00539nam a2200205Ia 4500
003 0100
008 130307s9999 xx 000 0 und d
040 _cARRUPELIB
050 _aJK31.K4 1948
100 _aKelly, Alfred Hinsey and Harbison, Winfred Audif
245 4 _aThe American constitution
245 _bIts origins and development
260 _aNew York
260 _bW. W. Norton and Company
260 _c1948
300 _axvi
300 _b940p. 24cm.
650 _bMacaulay, Thomas Babington Macaulay
942 0 0 _05
999 _c100687
_d100687